000 00428pab a2200169 454500
008 180718b2013 xxu||||| |||| 00| 0 eng d
100 _aShrivastava, Mukesh Kumar
245 _aSustainable development - rural education matters
260 _c2013
300 _ap.20-22.
362 _aSep
650 _aSustainable development
650 _aEducation
773 _aKurukshetra (English)
908 _aN
909 _a100671
999 _c100670
_d100670